000 01479nam a22003497a 4500
003 CHAP
005 20220329142328.0
008 200724d1999 mx rs o00110 spa d
010 _a81822
011 _a82794
020 _a9701327128
035 _a93297
040 _cCHAP
082 0 4 _a333.0972
_bI55 Yuc. 1992-98
110 2 _aInstituto Nacional de Estadística, Geografía e Informática. México
_959304
245 1 0 _aTabulados básicos ejidales por municipio :
_bYucatán : programa de certificación de derechos ejidales y titulación de solares urbanos, PROCEDE 1992-1998
_c/por Instituto Nacional de Estadística, Geografía e Informática
260 _aAguascalientes, Ags. :
_bInstituto Nacional de Estadística, Geografía e Informática,
_c1999.
300 _a83 p. :
_banexos
590 _aBATCH-UPD
_b10
_c20130110
_lUCH01
_h0759
590 _aBATCH-UPD
_b10
_c20130410
_lUCH01
_h0438
590 _aBATCH-UPD
_b10
_c20130914
_lUCH01
_h1332
590 _aCONVERSION
_b10
_c20130109
_lUCH01
_h1345
650 1 4 _aEjidos
_xYucatán.
_936036
650 1 4 _aParcelas.
_985484
650 1 4 _aTierras
_xTenencia
_xMichoacán.
_9113180
650 1 4 _aTierras
_xUtilización
_xMichoacán.
_9113240
901 _aBK
905 _aPatricia Mendoza P.
942 _cLIBRO
949 _a333.0972 I55 Yuc. 1992-98
_bBC
_cINEGI
_d33724000771903
_eINEGI
_h98120
_i93297
_kDonaciØn
_sb
949 _a333.0972 I55 Yuc. 1992-98
_bBC
_cINEGI
_d33724000869624
_eINEGI
_fc.2
_gDonaciØn
_h102716
_i93297
_sb
999 _c81822
_d81822